000 00645nam a22002057a 4500
999 _c5579
_d5579
003 GBCCL
005 20241126110545.0
008 180327b ||||| |||| 00| 0 eng d
040 _cgbc
082 _a355.42509545
_bSKE
100 _aSkeen, Andrew
_910067
245 _aPassing it on:
_bShort talks on tribal fighting on the North-West frontier of India /
_cAndrew Skeen
250 _a3rd Ed.
260 _aLondon:
_bGale & Polden, Ltd.,
_c1934
300 _a136 p.;
_c22 cm.
650 _aGuerrilla Warfare
_zPakistan
_910068
650 _aMilitary Art and Science
_vOfficer's handbook
_910069
650 _zIndia
_aArmy
_914133
942 _2ddc
_cBK